000
00277nam a22001097a 4500
008
160510b xxu||||| |||| 00| 0 eng d
020
_a
0716730510
041
_a
eng
080
_a
577
245
_a
Biochemistry:
_c
Jeremy M. Berg; John L. Tymoczko; Lubert Stryer;
942
_2
udc
_c
BK
999
_c
1951
_d
1951